[Event "Niedersachsen-ch"]
[Site "Verden"]
[Date "2017.01.07"]
[Round "6"]
[White "Hachtmann, Christian"]
[Black "Meyer, Heinz Dieter"]
[Result "1/2-1/2"]
[WhiteElo "2068"]
[BlackElo "2234"]
[PlyCount "28"]
[EventDate "2017.01.05"]
[EventType "swiss"]
[EventRounds "7"]
[EventCountry "GER"]
[SourceTitle "EXT 2018"]
[Source "ChessBase"]
[SourceDate "2017.10.13"]
[SourceVersion "1"]
[SourceVersionDate "2017.10.13"]
[SourceQuality "1"]

1. e4 c5 2. Nf3 Nc6 3. d4 cxd4 4. c3 dxc3 5. Nxc3 d6 6. Bc4 a6 7. 0-0 Nf6 8. e5 dxe5 9. Qxd8+ Nxd8 10. Nxe5 e6 11. Rd1 Be7 12. Be3 b5 13. Be2 Bb7 14. Bf1 Bf8 1/2-1/2

[Event "Niedersachsen-ch op"]
[Site "Verden"]
[Date "2016.01.06"]
[Round "7"]
[White "Vetter, Torsten"]
[Black "Hachtmann, Christian"]
[Result "0-1"]
[WhiteElo "1910"]
[BlackElo "2055"]
[PlyCount "84"]
[EventDate "2016.01.03"]
[EventType "swiss"]
[EventRounds "7"]
[EventCountry "GER"]
[SourceTitle "EXT 2018"]
[Source "ChessBase"]
[SourceDate "2017.10.13"]
[SourceVersion "1"]
[SourceVersionDate "2017.10.13"]
[SourceQuality "1"]

1. f4 e5 2. d3 Bc5 3. Nf3 d6 4. e3 Bg4 5. h3 Bxf3 6. Qxf3 Nc6 7. c3 Qe7 8. b4 Bb6 9. a4 a6 10. f5 d5 11. Qxd5 Qh4+ 12. Kd1 Rd8 13. Qa2 Nf6 14. b5 Ne7 15. g3 Qxg3 16. Qg2 Nxf5 17. Qxg3 Nxg3 18. Rg1 Nxf1 19. Rxf1 Rxd3+ 20. Ke2 e4 21. Rd1 Rxd1 22. Kxd1 axb5 23. axb5 0-0 24. Ke2 h6 25. Ra4 Nh5 26. Ba3 Re8 27. c4 Re5 28. Ra8+ Kh7 29. Rb8 Rg5 30. c5 Bxc5 31. Rxb7 Bxa3 32. Nxa3 Rc5 33. Kd2 f5 34. Nc2 f4 35. exf4 Nxf4 36. Nb4 Kg6 37. Ke3 Nd5+ 38. Kd4 Rc1 39. Kxd5 e3 40. b6 e2 41. Rxc7 Rd1+ 42. Kc6 e1Q 0-1

[Event "Niedersachsen-ch op"]
[Site "Verden"]
[Date "2016.01.03"]
[Round "2"]
[White "Hachtmann, Christian"]
[Black "Meyer, Heinz Dieter"]
[Result "1/2-1/2"]
[WhiteElo "2055"]
[BlackElo "2226"]
[PlyCount "69"]
[EventDate "2016.01.03"]
[EventType "swiss"]
[EventRounds "7"]
[EventCountry "GER"]
[SourceTitle "EXT 2018"]
[Source "ChessBase"]
[SourceDate "2017.10.13"]
[SourceVersion "1"]
[SourceVersionDate "2017.10.13"]
[SourceQuality "1"]

1. e4 c5 2. d4 cxd4 3. c3 dxc3 4. Nxc3 Nc6 5. Nf3 d6 6. Bc4 a6 7. 0-0 Nf6 8. h3 e6 9. Qe2 Be7 10. Rd1 Bd7 11. Be3 b5 12. Bb3 0-0 13. Rac1 Qb8 14. Bf4 Rd8 15. e5 dxe5 16. Nxe5 Nxe5 17. Bxe5 Qb7 18. Bxf6 Bxf6 19. Ne4 Be7 20. Qf3 Kf8 21. Qf4 Rac8 22. Ng5 Bxg5 23. Qxg5 h6 24. Qh4 Be8 25. Qxd8 Rxd8 26. Rxd8 Ke7 27. Rdc8 Bd7 28. R8c7 Qb6 29. Bd1 Kd8 30. R7c5 b4 31. R5c4 e5 32. Bb3 a5 33. Rd1 Ke8 34. Re4 f6 35. Re3 1/2-1/2

[Event "Langenhagen-ch op"]
[Site "Langenhagen"]
[Date "2015.05.23"]
[Round "1"]
[White "Hachtmann, Christian"]
[Black "Lick, Helmut"]
[Result "1-0"]
[WhiteElo "2036"]
[BlackElo "1428"]
[PlyCount "70"]
[EventDate "2015.05.23"]
[EventType "swiss"]
[EventRounds "7"]
[EventCountry "GER"]
[SourceTitle "EXT 2021"]
[Source "ChessBase"]
[SourceDate "2020.10.23"]
[SourceVersion "1"]
[SourceVersionDate "2020.10.23"]
[SourceQuality "1"]

1. e4 e5 2. f4 d6 3. Nf3 Nc6 4. Bc4 Be7 5. 0-0 Nf6 6. c3 0-0 7. d3 Na5 8. Na3 Nxc4 9. Nxc4 exf4 10. Bxf4 b5 11. Ncd2 c6 12. Kh1 a5 13. Qc2 Bd7 14. Rad1 Nh5 15. Be3 g5 16. Nd4 Ng7 17. Nf5 Nxf5 18. exf5 Bf6 19. Ne4 Qe7 20. Qf2 c5 21. Qg3 Be5 22. Qg4 h6 23. Qh5 f6 24. d4 cxd4 25. cxd4 Bc6 26. Nf2 Qb7 27. Qg6+ Qg7 28. Qxg7+ Kxg7 29. dxe5 dxe5 30. Rc1 Rfc8 31. Rfd1 Be8 32. Kg1 h5 33. Ne4 Rd8 34. Rc7+ Bf7 35. Nd6 Rf8 1-0

[Event "Niedersachsen-ch op-A"]
[Site "Verden"]
[Date "2015.01.03"]
[Round "3"]
[White "Langer, Michael Sebastian"]
[Black "Hachtmann, Christian"]
[Result "1/2-1/2"]
[WhiteElo "1964"]
[BlackElo "2095"]
[PlyCount "61"]
[EventDate "2015.01.02"]
[EventType "swiss"]
[EventRounds "7"]
[EventCountry "GER"]
[SourceTitle "EXT 2018"]
[Source "ChessBase"]
[SourceDate "2017.10.13"]
[SourceVersion "1"]
[SourceVersionDate "2017.10.13"]
[SourceQuality "1"]

1. Nf3 f5 2. d3 Nf6 3. e4 d6 4. e5 dxe5 5. Nxe5 e6 6. d4 Bd6 7. Bf4 0-0 8. Nc3 Bd7 9. Bc4 Qe7 10. 0-0 Nc6 11. Re1 Rfe8 12. Bg5 Na5 13. Bd3 Rad8 14. a3 Bc8 15. b4 Nc6 16. Nxc6 bxc6 17. Bxf5 Qf7 18. Bd3 Rf8 19. Qe2 Rde8 20. Bxf6 Qxf6 21. Rad1 e5 22. Ne4 Qh4 23. Nxd6 cxd6 24. g3 Qf6 25. dxe5 Rxe5 26. Qd2 Rfe8 27. f4 Rxe1+ 28. Rxe1 Qd4+ 29. Kg2 Qd5+ 30. Kg1 Qd4+ 31. Kg2 1/2-1/2

[Event "Biel MTO op 47th"]
[Site "Biel"]
[Date "2014.07.23"]
[Round "9"]
[White "Rindlisbacher, Lars"]
[Black "Hachtmann, Christian"]
[Result "1-0"]
[WhiteElo "2332"]
[BlackElo "2081"]
[PlyCount "121"]
[EventDate "2014.07.14"]
[EventType "swiss"]
[EventRounds "11"]
[EventCountry "SUI"]
[SourceTitle "CBM 161 Extra"]
[Source "ChessBase"]
[SourceDate "2014.08.29"]
[SourceVersion "1"]
[SourceVersionDate "2014.08.29"]
[SourceQuality "1"]

1. d4 e6 2. c4 f5 3. g3 Nf6 4. Bg2 Bb4+ 5. Bd2 Bxd2+ 6. Nxd2 d6 7. e3 e5 8. Ne2 0-0 9. 0-0 Nc6 10. Nb3 a5 11. dxe5 dxe5 12. Qxd8 Nxd8 13. Nc3 Ne6 14. Na4 e4 15. Rfd1 b6 16. Bf1 Bd7 17. Nc3 Rad8 18. Nd4 Nxd4 19. Rxd4 Bc6 20. Rad1 Rxd4 21. exd4 Rd8 22. Ne2 Ng4 23. d5 Bd7 24. Nd4 c5 25. dxc6 Bxc6 26. Be2 Ne5 27. Nxf5 Rxd1+ 28. Bxd1 Kf7 29. Be2 Kf6 30. Ne3 Ke6 31. Kf1 g6 32. Ke1 Kd6 33. Kd2 Kc5 34. Kc3 Bd7 35. b3 Nc6 36. a3 Be6 37. Nc2 Bf5 38. b4+ axb4+ 39. axb4+ Kd6 40. Nd4 Ne7 41. Kd2 Ke5 42. Ke3 h6 43. f4+ exf3 44. Bxf3 Bd7 45. Be4 g5 46. Nf3+ Kf6 47. Kd4 h5 48. Ne5 Be6 49. Nc6 Nf5+ 50. Bxf5 Kxf5 51. Ne5 h4 52. c5 bxc5+ 53. bxc5 hxg3 54. hxg3 Bc8 55. c6 Be6 56. c7 Bc8 57. Kd5 Be6+ 58. Kd4 Bc8 59. Nc6 Kg4 60. Ne7 Bb7 61. Kc5 1-0

[Event "Biel MTO op 47th"]
[Site "Biel"]
[Date "2014.07.14"]
[Round "1"]
[White "Donchenko, Alexander"]
[Black "Hachtmann, Christian"]
[Result "1-0"]
[WhiteElo "2499"]
[BlackElo "2081"]
[PlyCount "69"]
[EventDate "2014.07.14"]
[EventType "swiss"]
[EventRounds "11"]
[EventCountry "SUI"]
[SourceTitle "CBM 161 Extra"]
[Source "ChessBase"]
[SourceDate "2014.08.29"]
[SourceVersion "1"]
[SourceVersionDate "2014.08.29"]
[SourceQuality "1"]

1. c4 f5 2. g3 Nf6 3. Bg2 e6 4. d4 Bb4+ 5. Bd2 Bxd2+ 6. Nxd2 Nc6 7. d5 Ne5 8. Ngf3 Nf7 9. Qc2 0-0 10. 0-0 Rb8 11. Rfe1 b5 12. Nd4 bxc4 13. dxe6 Nd6 14. Nxc4 Nfe4 15. Nxd6 cxd6 16. Nxf5 Rxf5 17. Bxe4 Rc5 18. Qd3 dxe6 19. Bxh7+ Kh8 20. b3 Rd5 21. Qb1 Rd2 22. Bd3 Bb7 23. Rd1 Rxd1+ 24. Qxd1 Qf6 25. Rc1 Rf8 26. Qf1 Qh6 27. Rc4 Kg8 28. Qc1 Rxf2 29. Kxf2 Qxh2+ 30. Ke1 Qxg3+ 31. Kd1 a5 32. Rc7 Qg1+ 33. Kd2 Qb6 34. Qc3 e5 35. Qc4+ 1-0

[Event "Niedersachsen-ch"]
[Site "Verden"]
[Date "2014.01.04"]
[Round "5"]
[White "Hachtmann, Christian"]
[Black "Baisakow, Alexander"]
[Result "0-1"]
[WhiteElo "2087"]
[BlackElo "2212"]
[PlyCount "62"]
[EventDate "2014.01.02"]
[EventType "swiss"]
[EventRounds "7"]
[EventCountry "GER"]
[SourceTitle "EXT 2016"]
[Source "ChessBase"]
[SourceDate "2015.10.08"]
[SourceVersion "1"]
[SourceVersionDate "2015.10.08"]
[SourceQuality "1"]

1. e4 c5 2. Nf3 d6 3. d4 cxd4 4. Nxd4 Nf6 5. Nc3 a6 6. a4 e5 7. Nf3 Be7 8. Be2 0-0 9. 0-0 b6 10. Re1 Bb7 11. Bc4 Nbd7 12. Nd2 Qc7 13. Qe2 Nc5 14. f3 Rac8 15. Ba2 Ne6 16. Nb3 Rfe8 17. Be3 d5 18. exd5 Nxd5 19. Nxd5 Bxd5 20. Qxa6 Ra8 21. Qb5 Bc4 22. Bxb6 Qc8 23. Qxe5 Rxa4 24. Nc1 Bf6 25. Qg3 Bxb2 26. Rb1 Bc3 27. Re4 Bxa2 28. Nxa2 Rxa2 29. Qg4 Qa6 30. f4 Ra1 31. Rxa1 Qxb6+ 0-1

[Event "Niedersachsen-ch"]
[Site "Verden"]
[Date "2014.01.03"]
[Round "3"]
[White "Hachtmann, Christian"]
[Black "Eschholz, Enno"]
[Result "1-0"]
[WhiteElo "2087"]
[BlackElo "2222"]
[PlyCount "63"]
[EventDate "2014.01.02"]
[EventType "swiss"]
[EventRounds "7"]
[EventCountry "GER"]
[SourceTitle "EXT 2016"]
[Source "ChessBase"]
[SourceDate "2015.10.08"]
[SourceVersion "1"]
[SourceVersionDate "2015.10.08"]
[SourceQuality "1"]

1. e4 c5 2. Nf3 Nc6 3. d4 cxd4 4. c3 Nf6 5. e5 Nd5 6. cxd4 e6 7. Nc3 d6 8. Nxd5 exd5 9. Be2 dxe5 10. dxe5 Bb4+ 11. Bd2 Qe7 12. 0-0 0-0 13. Bxb4 Qxb4 14. Qxd5 Qxb2 15. Qe4 Qb4 16. Bd3 g6 17. Rab1 Qe7 18. Qf4 Be6 19. Qh6 Rad8 20. Ng5 f5 21. exf6 Rxf6 22. Be4 Bxa2 23. Rbe1 Qg7 24. Qh3 Bc4 25. Bxc6 Rxc6 26. Rd1 Rcc8 27. Rfe1 h6 28. Ne4 Bd3 29. Rxd3 Rxd3 30. Qxc8+ Kh7 31. Rc1 Qe7 32. Nf6+ 1-0

[Event "Daehne Cup Region IV"]
[Site "Isernhagen"]
[Date "2013.06.08"]
[Round "2"]
[White "Hachtmann, Christian"]
[Black "Graue, Rainer"]
[Result "1-0"]
[WhiteElo "1929"]
[BlackElo "1022"]
[PlyCount "43"]
[EventDate "2013.06.07"]
[EventType "k.o."]
[EventRounds "4"]
[EventCountry "GER"]
[SourceTitle "EXT 2022"]
[Source "ChessBase"]
[SourceDate "2021.10.06"]
[SourceVersion "1"]
[SourceVersionDate "2021.10.06"]
[SourceQuality "1"]

1. e4 e6 2. d4 d6 3. c4 c6 4. Nc3 Ne7 5. f4 g6 6. Nf3 Bg7 7. Be3 Qb6 8. Qd2 0-0 9. g4 Qd8 10. 0-0-0 Qd7 11. h4 Rd8 12. h5 e5 13. hxg6 fxg6 14. f5 Rf8 15. Ng5 h6 16. Ne6 g5 17. Qh2 Rf6 18. d5 c5 19. Bxg5 hxg5 20. Qh7+ Kf7 21. Qxg7+ Ke8 22. Rh8+ 1-0

[Event "Hannover Region-ch"]
[Site "Langenhagen"]
[Date "2012.03.24"]
[Round "5"]
[White "Hachtmann, Christian"]
[Black "Herrmann, Andreas"]
[Result "1-0"]
[WhiteElo "2050"]
[BlackElo "2050"]
[PlyCount "99"]
[EventDate "2012.01.14"]
[EventType "swiss"]
[EventRounds "7"]
[EventCountry "GER"]
[SourceTitle "EXT 2021"]
[Source "ChessBase"]
[SourceDate "2020.10.23"]
[SourceVersion "1"]
[SourceVersionDate "2020.10.23"]
[SourceQuality "1"]

1. e4 c5 2. Nf3 Nc6 3. d4 cxd4 4. Nxd4 g6 5. Be3 Bg7 6. Nc3 Nf6 7. f3 0-0 8. Qd2 d5 9. 0-0-0 dxe4 10. Nxc6 Qxd2+ 11. Rxd2 bxc6 12. Nxe4 Nd5 13. Bg5 f6 14. Bc4 Kh8 15. Rxd5 cxd5 16. Bxd5 Rb8 17. Bf4 e5 18. Be3 Bb7 19. Rd1 Bxd5 20. Rxd5 Rfd8 21. Ra5 Rb7 22. Nc5 Re7 23. Ra6 Rc8 24. Ne6 Rd7 25. a3 f5 26. Nxg7 Kxg7 27. Rxa7 Rxa7 28. Bxa7 Kf6 29. b3 Ke6 30. c4 g5 31. Kd2 h5 32. a4 g4 33. a5 gxf3 34. gxf3 Rg8 35. h4 Rg2+ 36. Kc3 Ra2 37. Kb4 Kd7 38. Bb8 e4 39. fxe4 fxe4 40. Bf4 Kc6 41. Kc3 Rf2 42. Be3 Rh2 43. b4 Rxh4 44. b5+ Kc7 45. a6 Rg4 46. b6+ Kc6 47. b7 Kc7 48. c5 h4 49. c6 Rg8 50. a7 1-0